000 00464nam a2200181Ia 4500
008 090124s9999 xx 000 0 und d
082 _b6795
_a1926
100 _aचोरघडे वामन
245 _a पाथेय
250 _a1
260 _c1946
300 _a6+154+2
600 _aचोरघडे वामन
630 _a पाथेय
700 _aचोरघडे वामन
730 _a पाथेय
942 _cBOOK
999 _c120736
_d120736